000 00678nam a22002297a 4500
001 37657
003 BD-RjUL
005 20211209052631.0
008 150205s2003 ii a|||| |||| 00| 0 eng d
020 _a8170353041
035 _a(BD-RjUL)
040 _aBD-RjUL
_beng
_cBD-RjUL
041 _aeng
082 _222
_a615.32
_bSHM 2003
100 _aSharma, Ravindra
_9115787
245 _aMedicinal plants of India :
_ban encyclopaedia /
_cRavindra Sharma
260 _aDelhi :
_bDaya ;
_c2003
300 _axxxi, 302 p, :
_bill. ;
_c 25 cm.
504 _a Includes bibliographical references and index.
650 _aMedicinal plants
_vEncyclopedias
_9115788
942 _2ddc
_cBK
999 _c37657
_d37657